| 000 | 00529nam a2200181Ia 4500 | ||
|---|---|---|---|
| 008 | 151202s9999||||xx |||||||||||||| ||und|| | ||
| 082 | _bPNVM-56384 | ||
| 100 | _aमुजावर बशीर. | ||
| 245 | _aगूढकथा. | ||
| 260 | _b"श्रीमती मुजावर,पुणे." | ||
| 260 | _c1993 | ||
| 300 | _a200 | ||
| 600 | _aमुजावर बशीर. | ||
| 630 | _aगूढकथा. | ||
| 700 | _aमुजावर बशीर. | ||
| 730 | _aगूढकथा. | ||
| 942 | _cBOOK | ||
| 999 |
_c1322922 _d1322919 |
||